Los Catálogos Lulianos (Record no. 22804)

MARC details
000 -LEADER
campo de control de longitud fija 00553nam a2200169 i 4500
001 - NÚMERO DE CONTROL
campo de control 22804
003 - IDENTIFICADOR DE NÚMERO DE CONTROL
campo de control ES-MaACL
005 - FECHA Y HORA DE LA ÚLTIMA TRANSACCIÓN
campo de control 20230906152747.0
007 - CAMPO FIJO DE DESCRIPCIÓN FÍSICA--INFORMACIÓN GENERAL
campo de control de longitud fija t|
008 - DATOS DE LONGITUD FIJA--INFORMACIÓN GENERAL
campo de control de longitud fija 021204s1918 sp ||||1| spa d
100 1# - ENTRADA PRINCIPAL--NOMBRE DE PERSONA
Nombre de persona Alós y de Dou, Ramón de.
9 (RLIN) 20452
245 14 - MENCIÓN DEL TÍTULO
Título Los Catálogos Lulianos
Resto del título : contribución al estudio de la obra de Ramón Lull /
Mención de responsabilidad, etc. por Ramón de Alós y de Dou.
260 ## - PUBLICACIÓN, DISTRIBUCIÓN, ETC.
Lugar de publicación, distribución, etc. Barcelona :
Nombre del editor, distribuidor, etc. [s.n.,
Fecha de publicación, distribución, etc. 1918] (
Fabricante Imp. Francisco J. Altés y Alabart)
300 ## - DESCRIPCIÓN FÍSICA
Extensión 111 p. ;
Dimensiones 25 cm.
502 ## - NOTA DE TESIS
Nota de tesis Tesis doctoral.
852 ## - LOCALIZACIÓN
Ubicación ES-MaACL
Número de control de estantería F-9892
Holdings
Estatus retirado Estado de pérdida Estado de daño No para préstamo Biblioteca de origen Biblioteca actual Ubicación en estantería Fecha de adquisición Fuente de adquisición Total de préstamos Signatura topográfica completa Código de barras Visto por última vez Precio de reemplazo Tipo de ítem Koha
        Biblioteca del Ateneo de Madrid Biblioteca del Ateneo de Madrid Sala Pecera Planta 2 17/01/2008     F-9892 1023482 23/02/2023 23/02/2023 Libro impreso